Score 0/20 Timer 04:00
0 Plays Today
Question Answer Wrong Answers
Adolf Hitler Germany
98.7%
Russia
0.2%
Italy
0.1%
France
0.2%
Kim Jong-il North Korea
98.6%
China
0.9%
Taiwan
0.3%
Kyrgyzstan
0.1%
Vladimir Lenin Soviet Union
97.7%
Germany
0.6%
Austria
0.6%
Netherlands
0.2%
Abraham Lincoln United States
97.3%
United Kingdom
1.2%
Russia
0.1%
Israel
0.1%
Henry VIII England
96.1%
West Germany
0.2%
France
1.6%
Russia
0.2%
Tutankhamun Egypt
95.2%
Persia
1.8%
Greece
0.4%
India
0.9%
Louis XIV France
94.1%
Germany
0.1%
Spain
1%
British Empire
2.9%
Augustus Rome
88.7%
Italy
7.4%
Germany
1%
Spain
0.9%
Willem Drees Netherlands
87.4%
Germany
5.2%
Latvia
4.1%
Italy
0.8%
Qin Shi Huang China
82.7%
Japan
3.4%
Korea
3.7%
Vietnam
8%
David Ben-Gurion Israel
78.3%
Russia
0.6%
Australia
8.1%
South Africa
10.5%
Jawaharlal Nehru India
73.5%
Iran
11.1%
Persia
5.8%
Egypt
5.5%
Cyrus II Persian Empire
68.4%
Ottoman Empire
24.6%
India
0.8%
Egypt
2.9%
Philip II Spain
67.2%
Belgium
12.7%
Russia
4%
Norway
12.6%
David Lange New Zealand
64.9%
United Kingdom
9.3%
Somalia
2.1%
Ireland
20.7%
Justo José de Urquiza Argentina
63.8%
Cuba
11.4%
Spain
9.9%
Mexico
11%
Benito Juárez Mexico
62.3%
Panama
8.9%
Spain
7.4%
Chile
18.3%
Dilma Rousseff Brazil
52.9%
Portugal
8.1%
France
6%
Belgium
30.3%
John Curtin Australia
52.8%
United Kingdom
6.9%
Canada
35.1%
United States
1.5%
Sir Wilfrid Laurier Canada
48.9%
United Kingdom
17.8%
Ireland
15.4%
Denmark
13.8%
Remove Ads.
Support Sporcle.
Get the best of Sporcle when you Go Orange. This ad-free experience offers more features, more stats, and more fun while also helping to support Sporcle. Thank you for becoming a member.

You're not logged in!

Compare scores with friends on all Sporcle quizzes.
OR
Log In

Show Comments

Extras

Top Quizzes Today


Score Distribution

Your Account Isn't Verified!

In order to create a playlist on Sporcle, you need to verify the email address you used during registration. Go to your Sporcle Settings to finish the process.

Report this User

Report this user for behavior that violates our Community Guidelines.

Details: